[Event "ROM-ch sf U18 Girls"]
[Site "Eforie Nord"]
[Date "2000.??.??"]
[Round "?"]
[White "Miron, Oana"]
[Black "Coman, Alina Livia"]
[Result "1-0"]
[WhiteElo "2030"]
[BlackElo "2015"]
[PlyCount "49"]
[EventDate "2000.??.??"]
[EventType "swiss"]
[EventRounds "9"]
[EventCountry "ROU"]
[SourceTitle "EXT 2004"]
[Source "ChessBase"]
[SourceDate "2003.11.25"]
[SourceVersion "1"]
[SourceVersionDate "2003.11.25"]
[SourceQuality "1"]

1. e4 d6 2. d4 g6 3. c3 Bg7 4. Bd3 Nf6 5. f4 0-0 6. Nf3 Nbd7 7. 0-0 c6 8. e5 dxe5 9. fxe5 Nd5 10. Qe1 Nc7 11. Ng5 h6 12. e6 hxg5 13. exd7 Bxd7 14. Bxg5 Be6 15. Qh4 Re8 16. Nd2 b6 17. Nf3 Rc8 18. Be3 Bf6 19. Ng5 Bxg5 20. Bxg5 Qd6 21. Bf4 Qd5 22. Be5 f6 23. Bxg6 Bd7 24. Qh7+ Kf8 25. Bxf6 1-0

[Event "ROM-ch sf U18 Girls"]
[Site "Eforie Nord"]
[Date "2000.??.??"]
[Round "?"]
[White "Padurariu, Ioana Smaranda"]
[Black "Coman, Alina Livia"]
[Result "1-0"]
[WhiteElo "1700"]
[BlackElo "2015"]
[PlyCount "120"]
[EventDate "2000.??.??"]
[EventType "swiss"]
[EventRounds "9"]
[EventCountry "ROU"]
[SourceTitle "EXT 2004"]
[Source "ChessBase"]
[SourceDate "2003.11.25"]
[SourceVersion "1"]
[SourceVersionDate "2003.11.25"]
[SourceQuality "1"]

1. e4 c5 2. Nf3 d6 3. Bb5+ Nc6 4. Bxc6+ bxc6 5. 0-0 Nf6 6. Re1 e6 7. e5 Nd7 8. d3 d5 9. c4 Be7 10. b3 0-0 11. Nc3 Qc7 12. Ba3 Nb6 13. Rc1 Ba6 14. Qe2 Rac8 15. Nd2 Nd7 16. Na4 Qa5 17. Nb1 Nb6 18. Nac3 Bg5 19. Rcd1 Rfe8 20. Qg4 Be7 21. f4 Rc7 22. Qe2 Bc8 23. Qd2 Qa6 24. Qf2 Nd7 25. Na4 d4 26. Rf1 g6 27. Qb2 Qa5 28. Qd2 Qa6 29. Rf2 Rf8 30. Qb2 Qb7 31. Nd2 a6 32. Ne4 Qa7 33. Qe2 f5 34. exf6 Nxf6 35. Bxc5 Bxc5 36. Naxc5 Nh5 37. g3 Re7 38. Rdf1 Qc7 39. Na4 Rff7 40. c5 Ng7 41. Nd6 Rf8 42. Nb6 Bd7 43. g4 Ne8 44. Qe5 Nf6 45. h3 Nd5 46. Qxd4 Rb8 47. Ndc4 Rf8 48. Ne5 Bc8 49. b4 Rd8 50. Nxd5 exd5 51. Re2 Rde8 52. Rfe1 Bb7 53. Qf2 Bc8 54. d4 Kh8 55. Nf7+ Kg7 56. Nd6 Rxe2 57. Nxe8+ Rxe8 58. Rxe8 Qd7 59. Re1 Qf7 60. Qe3 Kf8 1-0